[Event "56th Hull Congress"]
[Site "Hull"]
[Date "2019.11.03"]
[Round "4"]
[Board "9"]
[White "Ther, Mate"]
[Black "Moreby, James E"]
[Result "0-1"]
[WhiteElo "2003"]
[BlackElo "2121"]
[PlyCount "0"]
[EventDate "2019.11.01"]
[EventRounds "5"]
[EventCountry "ENG"]

1. e4 {[%clk 01:30:25]} {[%emt 00:00:34]} c5 {[%clk 01:30:42]} {[%emt
00:00:19]} 2. Nf3 {[%clk 01:30:35]} {[%emt 00:00:20]} d6 {[%clk 01:31:09]}
{[%emt 00:00:03]} 3. d4 {[%clk 01:30:57]} {[%emt 00:00:08]} cxd4 {[%clk
01:31:27]} {[%emt 00:00:12]} 4. Nxd4 {[%clk 01:31:23]} {[%emt 00:00:04]} Nf6
{[%clk 01:31:45]} {[%emt 00:00:12]} 5. f3 {[%clk 01:31:49]} {[%emt 00:00:04]}
e5 {[%clk 01:31:50]} {[%emt 00:00:25]} 6. Nb3 {[%clk 01:32:12]} {[%emt
00:00:07]} Be6 {[%clk 01:31:55]} {[%emt 00:00:26]} 7. c4 {[%clk 01:32:03]}
{[%emt 00:00:38]} Nbd7 {[%clk 01:32:11]} {[%emt 00:00:09]} 8. Nc3 {[%clk
01:32:12]} {[%emt 00:00:26]} Rc8 {[%clk 01:32:32]} {[%emt 00:00:09]} 9. Nd2
{[%clk 01:29:30]} {[%emt 00:03:12]} a6 {[%clk 01:30:33]} {[%emt 00:02:30]} 10.
Be2 {[%clk 01:28:43]} {[%emt 00:01:15]} Qb6 {[%clk 01:30:32]} {[%emt 00:00:32]}
11. b3 {[%clk 01:27:12]} {[%emt 00:02:01]} Be7 {[%clk 01:28:52]} {[%emt
00:02:10]} 12. Nf1 {[%clk 01:27:20]} {[%emt 00:00:22]} O-O {[%clk 01:25:40]}
{[%emt 00:03:42]} 13. Ne3 {[%clk 01:26:04]} {[%emt 00:01:46]} Qa7 {[%clk
01:21:54]} {[%emt 00:04:16]} 14. Bd2 {[%clk 01:15:56]} {[%emt 00:10:38]} b5
{[%clk 01:20:29]} {[%emt 00:01:55]} 15. Ncd5 {[%clk 01:15:55]} {[%emt
00:00:31]} Bxd5 {[%clk 01:19:22]} {[%emt 00:01:38]} 16. cxd5 {[%clk 01:16:14]}
{[%emt 00:00:10]} g6 {[%clk 01:15:34]} {[%emt 00:04:18]} 17. O-O {[%clk
01:15:47]} {[%emt 00:00:56]} Nxd5 {[%clk 01:15:07]} {[%emt 00:00:59]} 18. exd5
{[%clk 00:59:59]} {[%emt 00:16:16]} Bg5 {[%clk 01:14:00]} {[%emt 00:01:38]} 19.
Kf2 {[%emt 00:01:03]} f5 {[%clk 01:13:45]} 20. Re1 {[%clk 00:59:17]} {[%emt
00:01:23]} f4 {[%clk 01:09:22]} {[%emt 00:04:53]} 21. Bf1 {[%clk 00:58:17]}
{[%emt 00:01:30]} Nf6 {[%clk 01:09:47]} {[%emt 00:00:06]} 22. Ke2 {[%clk
00:53:23]} {[%emt 00:05:22]} fxe3 {[%clk 01:08:08]} {[%emt 00:02:09]} 23. Bb4
{[%clk 00:53:01]} {[%emt 00:00:53]} a5 {[%clk 01:06:05]} {[%emt 00:02:34]} 24.
Ba3 {[%clk 00:51:42]} {[%emt 00:01:48]} b4 {[%clk 01:06:34]} {[%emt 00:00:01]}
25. Bc1 {[%clk 00:52:01]} {[%emt 00:00:11]} Ne4 {[%clk 01:06:31]} {[%emt
00:00:33]} 26. Bb2 {[%clk 00:49:26]} {[%emt 00:03:05]} Nf2 {[%clk 01:06:59]}
{[%emt 00:00:02]}  0-1

[Event "56th Hull Congress"]
[Site "Hull"]
[Date "2019.11.03"]
[Round "4"]
[Board "10"]
[White "Starley, Robert"]
[Black "Chan, Sheng Liang Bernard"]
[Result "1-0"]
[WhiteElo "2086"]
[BlackElo "1776"]
[PlyCount "0"]
[EventDate "2019.11.01"]
[EventRounds "5"]
[EventCountry "ENG"]

1. e4 {[%clk 01:30:58]} {[%emt 00:00:02]} c5 {[%clk 01:30:53]} {[%emt
00:00:07]} 2. Nf3 {[%clk 01:31:25]} {[%emt 00:00:04]} d6 {[%clk 01:31:17]}
{[%emt 00:00:06]} 3. d4 {[%clk 01:31:52]} {[%emt 00:00:03]} cxd4 {[%clk
01:31:40]} {[%emt 00:00:06]} 4. Nxd4 {[%clk 01:32:19]} {[%emt 00:00:03]} Nf6
{[%clk 01:32:01]} {[%emt 00:00:09]} 5. Nc3 {[%clk 01:32:43]} {[%emt 00:00:07]}
Nc6 {[%clk 01:32:26]} {[%emt 00:00:04]} 6. Be2 {[%clk 01:31:42]} {[%emt
00:01:31]} e5 {[%clk 01:32:43]} {[%emt 00:00:11]} 7. Nb3 {[%clk 01:31:16]}
{[%emt 00:00:58]} Be7 {[%clk 01:33:06]} {[%emt 00:00:07]} 8. O-O {[%clk
01:31:11]} {[%emt 00:00:35]} O-O {[%clk 01:33:30]} {[%emt 00:00:06]} 9. Be3
{[%clk 01:31:27]} {[%emt 00:00:15]} a5 {[%clk 01:33:05]} {[%emt 00:00:54]} 10.
a4 {[%clk 01:31:01]} {[%emt 00:00:57]} Nb4 {[%clk 01:31:41]} {[%emt 00:01:53]}
11. f4 {[%clk 01:29:46]} {[%emt 00:01:46]} exf4 {[%clk 01:30:54]} {[%emt
00:01:16]} 12. Bxf4 {[%clk 01:27:28]} {[%emt 00:02:48]} Be6 {[%clk 01:31:17]}
{[%emt 00:00:07]} 13. Nd4 {[%clk 01:26:27]} {[%emt 00:01:31]} Qb6 {[%clk
01:27:36]} {[%emt 00:04:12]} 14. Kh1 {[%clk 01:25:57]} {[%emt 00:01:00]} d5
{[%clk 01:26:35]} {[%emt 00:01:30]} 15. Nxe6 {[%clk 01:24:39]} {[%emt
00:01:49]} fxe6 {[%clk 01:26:09]} {[%emt 00:00:55]} 16. exd5 {[%clk 01:22:40]}
{[%emt 00:02:29]} Nbxd5 {[%clk 01:26:33]} {[%emt 00:00:06]} 17. Bd3 {[%clk
00:51:57]} {[%emt 00:31:13]} Nxc3 {[%clk 01:20:02]} {[%emt 00:07:00]} 18. bxc3
{[%clk 00:52:15]} {[%emt 00:00:14]} Nd5 {[%clk 01:20:25]} {[%emt 00:00:06]} 19.
Qh5 {[%clk 00:47:13]} {[%emt 00:05:32]} Nf6 {[%clk 01:17:24]} {[%emt 00:03:31]}
20. Qh3 {[%clk 00:47:08]} {[%emt 00:00:35]} Rae8 {[%clk 01:15:14]} {[%emt
00:02:40]} 21. Rab1 {[%clk 00:46:35]} {[%emt 00:01:04]} Qc5 {[%clk 01:14:02]}
{[%emt 00:01:41]} 22. Rxb7 {[%clk 00:44:05]} {[%emt 00:03:00]} Qh5 {[%clk
01:10:29]} {[%emt 00:04:02]} 23. Qxe6+ {[%clk 00:42:49]} {[%emt 00:01:47]} Qf7
{[%clk 01:08:08]} {[%emt 00:02:52]} 24. Qxf7+ {[%clk 00:42:52]} {[%emt
00:00:27]} Kxf7 {[%clk 01:08:36]} {[%emt 00:00:01]} 25. Bc4+ {[%clk 00:42:59]}
{[%emt 00:00:24]} Kg6 {[%clk 01:08:17]} {[%emt 00:00:48]} 26. Bb5 {[%clk
00:43:16]} {[%emt 00:00:14]} Bc5 {[%clk 01:07:35]} {[%emt 00:01:11]} 27. Bxe8+
{[%clk 00:43:24]} {[%emt 00:00:23]} Rxe8 {[%clk 01:07:59]} {[%emt 00:00:07]} 28.
Rb5 {[%clk 00:40:40]} {[%emt 00:03:12]} Ne4 {[%clk 01:08:11]} {[%emt 00:00:18]}
29. h3 {[%clk 00:40:25]} {[%emt 00:00:45]} Rf8 {[%clk 01:07:13]} {[%emt
00:01:28]} 30. Rf3 {[%clk 00:39:45]} {[%emt 00:01:10]} Rd8 {[%clk 00:58:03]}
{[%emt 00:09:40]} 31. Rb1 {[%clk 00:39:40]} {[%emt 00:00:35]} Kh5 {[%clk
00:57:35]} {[%emt 00:00:59]} 32. Re1 {[%clk 00:37:16]} {[%emt 00:02:53]} Re8
{[%clk 00:52:13]} {[%emt 00:05:53]} 33. Kh2 {[%clk 00:36:24]} {[%emt 00:01:21]}
g5 {[%clk 00:49:48]} {[%emt 00:02:55]} 34. g4+ {[%clk 00:36:10]} {[%emt
00:00:44]} Kg6 {[%clk 00:47:26]} {[%emt 00:02:52]} 35. Bc7 {[%clk 00:36:12]}
{[%emt 00:00:29]} Re7 {[%clk 00:46:37]} {[%emt 00:01:18]} 36. Bxa5 {[%clk
00:35:38]} {[%emt 00:01:04]} Bd6+ {[%clk 00:47:04]} {[%emt 00:00:03]} 37. Kg2
{[%clk 00:35:52]} {[%emt 00:00:15]} Bf4 {[%clk 00:47:30]} {[%emt 00:00:05]} 38.
Bb4 {[%clk 00:35:00]} {[%emt 00:01:23]} Re8 {[%clk 00:47:32]} {[%emt 00:00:28]}
39. a5 {[%clk 00:34:41]} {[%emt 00:00:49]} Kf6 {[%clk 00:47:57]} {[%emt
00:00:05]} 40. a6 {[%clk 00:34:09]} {[%emt 00:01:02]} Ke5 {[%clk 00:48:20]}
{[%emt 00:00:06]} 41. Rd3 {[%clk 00:34:03]} {[%emt 00:00:35]} Ra8 {[%clk
00:47:57]} {[%emt 00:00:54]} 42. Bd6+ {[%clk 00:33:58]} {[%emt 00:00:36]}  1-0

[Event "56th Hull Congress"]
[Site "Hull"]
[Date "2019.11.03"]
[Round "4"]
[Board "11"]
[White "Burnett, Jim"]
[Black "Gogia, Armaan"]
[Result "0-1"]
[WhiteElo "2037"]
[BlackElo "1866"]
[PlyCount "0"]
[EventDate "2019.11.01"]
[EventRounds "5"]
[EventCountry "ENG"]

1. d4 {[%clk 01:30:58]} Nf6 {[%clk 01:30:57]} {[%emt 00:00:04]} 2. c4 {[%clk
01:31:24]} {[%emt 00:00:04]} g6 {[%clk 01:31:25]} {[%emt 00:00:03]} 3. g3
{[%clk 01:31:50]} {[%emt 00:00:04]} Bg7 {[%clk 01:31:53]} {[%emt 00:00:02]} 4.
Bg2 {[%clk 01:32:15]} {[%emt 00:00:04]} O-O {[%clk 01:32:20]} {[%emt 00:00:04]}
5. Nc3 {[%clk 01:32:41]} {[%emt 00:00:03]} d6 {[%clk 01:32:48]} {[%emt
00:00:02]} 6. Nf3 {[%clk 01:33:07]} {[%emt 00:00:04]} Nc6 {[%clk 01:33:14]}
{[%emt 00:00:04]} 7. O-O {[%clk 01:33:32]} {[%emt 00:00:05]} e5 {[%clk
01:33:43]} {[%emt 00:00:02]} 8. d5 {[%clk 01:33:52]} {[%emt 00:00:10]} Nb8
{[%clk 01:34:11]} {[%emt 00:00:02]} 9. e4 {[%emt 00:00:26]} a5 {[%clk
01:34:39]} 10. Ne1 {[%clk 01:32:42]} {[%emt 00:01:45]} Na6 {[%clk 01:35:04]}
{[%emt 00:00:06]} 11. Nd3 {[%clk 01:32:51]} {[%emt 00:00:19]} b6 {[%clk
01:33:05]} {[%emt 00:02:30]} 12. f4 {[%clk 01:25:14]} {[%emt 00:08:07]} exf4
{[%clk 01:28:41]} {[%emt 00:04:54]} 13. Bxf4 {[%clk 01:21:41]} {[%emt
00:04:03]} Ng4 {[%clk 01:27:24]} {[%emt 00:01:47]} 14. Qd2 {[%clk 01:21:02]}
{[%emt 00:01:08]} Bd4+ {[%clk 01:22:39]} {[%emt 00:05:15]} 15. Kh1 {[%clk
01:21:13]} {[%emt 00:00:19]} Nc5 {[%clk 01:16:38]} {[%emt 00:06:33]} 16. Ne1
{[%clk 01:13:54]} {[%emt 00:07:47]} Bg7 {[%clk 01:14:25]} {[%emt 00:02:43]} 17.
Nf3 {[%clk 01:12:59]} {[%emt 00:01:26]} Bxc3 {[%clk 01:12:59]} {[%emt
00:01:56]} 18. Qxc3 {[%clk 01:12:55]} {[%emt 00:00:33]} Nxe4 {[%clk 01:13:02]}
{[%emt 00:00:27]} 19. Qd4 {[%clk 01:12:27]} {[%emt 00:00:58]} f5 {[%clk
01:10:15]} {[%emt 00:03:18]} 20. h3 {[%clk 01:12:02]} {[%emt 00:00:55]} Ngf6
{[%clk 00:59:46]} {[%emt 00:10:59]} 21. Ng5 {[%clk 01:09:37]} {[%emt 00:02:54]}
Nc5 {[%clk 00:52:02]} {[%emt 00:08:15]} 22. Ne6 {[%clk 01:07:53]} {[%emt
00:02:13]} Bxe6 {[%clk 00:51:49]} {[%emt 00:00:44]} 23. dxe6 {[%clk 01:07:59]}
{[%emt 00:00:24]} Nfe4 {[%clk 00:51:26]} {[%emt 00:00:53]} 24. g4 {[%clk
01:04:42]} {[%emt 00:03:47]} Qf6 {[%clk 00:47:48]} {[%emt 00:04:08]} 25. Qxf6
{[%clk 01:02:51]} {[%emt 00:02:21]} Rxf6 {[%clk 00:48:02]} {[%emt 00:00:16]} 26.
gxf5 {[%clk 01:03:11]} {[%emt 00:00:11]} gxf5 {[%clk 00:46:49]} {[%emt
00:01:43]} 27. Bxe4 {[%clk 00:59:40]} {[%emt 00:04:00]} Nxe4 {[%clk 00:47:05]}
{[%emt 00:00:15]} 28. Rg1+ {[%clk 00:59:38]} {[%emt 00:00:31]} Rg6 {[%clk
00:47:02]} {[%emt 00:00:33]}  0-1

[Event "56th Hull Congress"]
[Site "Hull"]
[Date "2019.11.03"]
[Round "4"]
[Board "12"]
[White "Smith, Simon"]
[Black "Kilshaw, Joe"]
[Result "1-0"]
[WhiteElo "1975"]
[BlackElo "2029"]
[PlyCount "0"]
[EventDate "2019.11.01"]
[EventRounds "5"]
[EventCountry "ENG"]

1. d4 {[%clk 01:26:32]} {[%emt 00:04:25]} g6 {[%clk 01:30:25]} {[%emt
00:00:38]} 2. e4 {[%clk 01:26:51]} {[%emt 00:00:11]} Bg7 {[%clk 01:30:45]}
{[%emt 00:00:08]} 3. Nc3 {[%clk 01:26:54]} {[%emt 00:00:29]} c6 {[%clk
01:30:18]} {[%emt 00:00:57]} 4. f4 {[%clk 01:23:51]} {[%emt 00:03:33]} d5
{[%clk 01:30:14]} {[%emt 00:00:34]} 5. e5 {[%clk 01:21:16]} {[%emt 00:03:05]}
f6 {[%clk 01:28:29]} {[%emt 00:02:15]} 6. Nf3 {[%clk 01:20:56]} {[%emt
00:00:50]} Bg4 {[%clk 01:28:36]} {[%emt 00:00:23]} 7. h3 {[%clk 01:20:25]}
{[%emt 00:01:01]} Bxf3 {[%clk 01:28:44]} {[%emt 00:00:21]} 8. Qxf3 {[%clk
01:20:49]} {[%emt 00:00:06]} Nh6 {[%clk 01:24:15]} {[%emt 00:04:59]} 9. Bd3
{[%clk 01:16:44]} {[%emt 00:04:36]} fxe5 {[%clk 01:23:36]} {[%emt 00:01:09]} 10.
fxe5 {[%clk 01:13:40]} {[%emt 00:03:34]} Rf8 {[%clk 01:20:19]} {[%emt
00:03:46]} 11. Bf4 {[%clk 01:11:16]} {[%emt 00:02:54]} e6 {[%clk 01:17:39]}
{[%emt 00:03:09]} 12. O-O {[%clk 01:04:04]} {[%emt 00:07:44]} Qh4 {[%clk
01:11:47]} {[%emt 00:06:21]} 13. Qf2 {[%clk 01:03:24]} {[%emt 00:01:10]} Qxf2+
{[%clk 01:07:01]} {[%emt 00:05:16]} 14. Rxf2 {[%clk 01:03:39]} {[%emt
00:00:14]} Nd7 {[%clk 01:05:54]} {[%emt 00:01:37]} 15. Ne2 {[%clk 01:01:52]}
{[%emt 00:02:18]} Nf7 {[%clk 01:04:01]} {[%emt 00:02:22]} 16. Raf1 {[%clk
01:00:27]} {[%emt 00:01:57]} Nd8 {[%clk 00:49:15]} {[%emt 00:15:15]} 17. g4
{[%clk 00:56:42]} {[%emt 00:04:15]} Rf7 {[%clk 00:46:46]} {[%emt 00:03:00]} 18.
Bg5 {[%clk 00:54:42]} {[%emt 00:02:30]} Rxf2 {[%clk 00:46:09]} {[%emt
00:01:06]} 19. Rxf2 {[%clk 00:55:04]} {[%emt 00:00:06]} Nf7 {[%clk 00:45:52]}
{[%emt 00:00:49]} 20. Bd2 {[%clk 00:52:43]} {[%emt 00:02:52]} Kf8 {[%clk
00:35:29]} {[%emt 00:10:53]} 21. Nf4 {[%clk 00:52:14]} {[%emt 00:00:58]} Re8
{[%clk 00:35:34]} {[%emt 00:00:26]} 22. Nxg6+ {[%clk 00:52:02]} {[%emt
00:00:42]} Kg8 {[%clk 00:33:19]} {[%emt 00:02:44]} 23. Nh4 {[%clk 00:48:53]}
{[%emt 00:03:39]} Nfxe5 {[%clk 00:31:10]} {[%emt 00:02:39]} 24. dxe5 {[%clk
00:47:52]} {[%emt 00:01:32]} Bxe5 {[%clk 00:29:02]} {[%emt 00:02:37]} 25. Kg2
{[%clk 00:46:21]} {[%emt 00:02:00]} Bxb2 {[%clk 00:26:26]} {[%emt 00:03:08]} 26.
Bxh7+ {[%clk 00:46:24]} {[%emt 00:00:27]} Kg7 {[%clk 00:26:46]} {[%emt
00:00:09]} 27. Bg6 {[%clk 00:43:13]} {[%emt 00:03:41]} Re7 {[%clk 00:27:09]}
{[%emt 00:00:06]} 28. c3 {[%clk 00:42:29]} {[%emt 00:01:16]} Nf6 {[%clk
00:25:47]} {[%emt 00:01:52]} 29. Re2 {[%clk 00:38:12]} {[%emt 00:04:47]} Ba3
{[%clk 00:23:59]} {[%emt 00:02:16]} 30. Bf4 {[%clk 00:27:39]} {[%emt 00:11:04]}
Nh7 {[%clk 00:20:35]} {[%emt 00:03:53]} 31. g5 {[%clk 00:24:57]} {[%emt
00:03:14]} Nf8 {[%clk 00:19:28]} {[%emt 00:01:37]} 32. Be5+ {[%clk 00:25:16]}
{[%emt 00:00:12]} Kg8 {[%clk 00:19:48]} {[%emt 00:00:08]} 33. Bd3 {[%clk
00:22:42]} {[%emt 00:03:05]} Nd7 {[%clk 00:19:59]} {[%emt 00:00:19]} 34. Ng6
{[%clk 00:21:26]} {[%emt 00:01:46]} Rh7 {[%clk 00:14:43]} {[%emt 00:05:46]} 35.
Bg3 {[%clk 00:16:05]} {[%emt 00:05:50]} Nc5 {[%clk 00:13:55]} {[%emt 00:01:19]}
36. Bb1 {[%clk 00:15:09]} {[%emt 00:01:25]} Rg7 {[%clk 00:09:56]} {[%emt
00:04:29]} 37. Be5 {[%clk 00:15:18]} {[%emt 00:00:22]} Rh7 {[%clk 00:08:45]}
{[%emt 00:01:41]} 38. Nf4 {[%clk 00:14:00]} {[%emt 00:01:48]} Re7 {[%clk
00:08:43]} {[%emt 00:00:32]} 39. Nh5 {[%clk 00:13:42]} {[%emt 00:00:48]}  1-0

[Event "56th Hull Congress"]
[Site "Hull"]
[Date "2019.11.03"]
[Round "4"]
[Board "13"]
[White "Varney, Zoe"]
[Black "Ilett, Raymond J"]
[Result "1-0"]
[WhiteElo "2009"]
[BlackElo "1857"]
[PlyCount "0"]
[EventDate "2019.11.01"]
[EventRounds "5"]
[EventCountry "ENG"]

1. e4 {[%clk 01:30:57]} {[%emt 00:00:02]} d5 {[%clk 01:27:39]} {[%emt
00:03:21]} 2. exd5 {[%clk 01:31:15]} {[%emt 00:00:13]} Nf6 {[%clk 01:28:00]}
{[%emt 00:00:08]} 3. c4 {[%clk 01:31:39]} {[%emt 00:00:07]} c6 {[%clk
01:28:22]} {[%emt 00:00:08]} 4. Nc3 {[%clk 01:32:03]} {[%emt 00:00:05]} cxd5
{[%clk 01:28:46]} {[%emt 00:00:06]} 5. cxd5 {[%clk 01:32:29]} {[%emt 00:00:04]}
Nxd5 {[%clk 01:27:47]} {[%emt 00:01:29]} 6. Nf3 {[%clk 01:32:53]} {[%emt
00:00:06]} Nc6 {[%clk 01:26:54]} {[%emt 00:01:23]} 7. Bb5 {[%clk 01:33:17]}
{[%emt 00:00:07]} Bg4 {[%clk 01:16:38]} {[%emt 00:10:45]} 8. Qa4 {[%clk
01:27:46]} {[%emt 00:06:01]} Nxc3 {[%clk 01:10:08]} {[%emt 00:07:00]} 9. Bxc6+
{[%clk 01:27:36]} {[%emt 00:00:40]} bxc6 {[%clk 01:09:52]} {[%emt 00:00:47]} 10.
Qxc6+ {[%clk 01:27:42]} {[%emt 00:00:24]} Bd7 {[%clk 01:10:12]} {[%emt
00:00:08]} 11. Qxc3 {[%clk 01:28:04]} {[%emt 00:00:09]} Rc8 {[%clk 01:10:29]}
{[%emt 00:00:12]} 12. Qb3 {[%clk 01:27:48]} {[%emt 00:00:46]} Rb8 {[%clk
01:05:28]} {[%emt 00:05:33]} 13. Qe3 {[%clk 01:24:06]} {[%emt 00:04:11]} Qc7
{[%clk 00:58:18]} {[%emt 00:07:40]} 14. O-O {[%clk 01:22:44]} {[%emt 00:01:52]}
e6 {[%clk 00:58:44]} {[%emt 00:00:04]} 15. b3 {[%clk 01:16:11]} {[%emt
00:07:03]} Bd6 {[%clk 00:58:23]} {[%emt 00:00:51]} 16. Bb2 {[%clk 01:14:24]}
{[%emt 00:02:17]} O-O {[%clk 00:58:32]} {[%emt 00:00:21]} 17. Rfc1 {[%clk
01:12:12]} {[%emt 00:02:42]} Qb7 {[%clk 00:58:48]} {[%emt 00:00:15]} 18. Qd4
{[%clk 01:11:59]} {[%emt 00:00:42]}  1-0

[Event "56th Hull Congress"]
[Site "Hull"]
[Date "2019.11.03"]
[Round "4"]
[Board "14"]
[White "Patrick, David A"]
[Black "Staples, Daniel J"]
[Result "1/2-1/2"]
[WhiteElo "1880"]
[BlackElo "1983"]
[PlyCount "0"]
[EventDate "2019.11.01"]
[EventRounds "5"]
[EventCountry "ENG"]

1. e4 {[%emt 00:00:03]} e6 {[%clk 01:24:34]} {[%emt 00:06:24]} 2. d4 {[%clk
01:31:12]} {[%emt 00:00:17]} d5 {[%clk 01:25:00]} {[%emt 00:00:05]} 3. exd5
{[%clk 01:31:27]} {[%emt 00:00:14]} exd5 {[%clk 01:25:28]} {[%emt 00:00:02]} 4.
Bd3 {[%clk 01:31:36]} {[%emt 00:00:20]} Nc6 {[%clk 01:25:15]} {[%emt 00:00:44]}
5. c3 {[%clk 01:31:51]} {[%emt 00:00:15]} Bd6 {[%clk 01:25:31]} {[%emt
00:00:14]} 6. Nf3 {[%clk 01:31:14]} {[%emt 00:01:07]} Nge7 {[%clk 01:24:12]}
{[%emt 00:01:49]} 7. Qc2 {[%clk 01:30:00]} {[%emt 00:01:43]} Bg4 {[%clk
01:23:55]} {[%emt 00:00:48]} 8. Nbd2 {[%clk 01:29:23]} {[%emt 00:01:05]} Qd7
{[%clk 01:23:44]} {[%emt 00:00:42]} 9. O-O {[%clk 01:27:55]} {[%emt 00:01:58]}
O-O-O {[%clk 01:20:50]} {[%emt 00:03:24]} 10. b4 {[%clk 01:27:20]} {[%emt
00:01:06]} Rde8 {[%clk 01:21:01]} {[%emt 00:00:19]} 11. Qa4 {[%clk 01:22:17]}
{[%emt 00:05:30]} Kb8 {[%clk 01:20:54]} {[%emt 00:00:40]} 12. b5 {[%clk
01:13:37]} {[%emt 00:09:10]} Nd8 {[%clk 01:21:15]} {[%emt 00:00:09]} 13. Ba3
{[%clk 01:10:32]} {[%emt 00:03:35]} Bxa3 {[%clk 01:14:32]} {[%emt 00:07:13]} 14.
Qxa3 {[%clk 01:10:54]} {[%emt 00:00:07]} f6 {[%clk 01:14:53]} {[%emt 00:00:09]}
15. Rfe1 {[%clk 01:05:52]} {[%emt 00:05:31]} g5 {[%clk 01:10:27]} {[%emt
00:04:58]} 16. Re3 {[%clk 01:01:06]} {[%emt 00:05:16]} Nf5 {[%clk 00:56:28]}
{[%emt 00:14:29]} 17. Rxe8 {[%clk 01:00:59]} {[%emt 00:00:36]} Rxe8 {[%clk
00:56:47]} 18. Re1 {[%clk 01:00:14]} {[%emt 00:01:23]} Rxe1+ {[%clk 00:52:37]}
{[%emt 00:04:43]} 19. Nxe1 {[%clk 01:00:35]} {[%emt 00:00:09]} Qe6 {[%clk
00:49:52]} {[%emt 00:03:16]} 20. Kf1 {[%clk 01:00:13]} {[%emt 00:00:49]} Nd6
{[%clk 00:49:57]} {[%emt 00:00:28]} 21. Qb3 {[%clk 00:54:49]} {[%emt 00:05:54]}
Bf5 {[%clk 00:47:35]} {[%emt 00:02:51]} 22. Be2 {[%clk 00:53:36]} {[%emt
00:01:41]} Ne4 {[%clk 00:35:38]} {[%emt 00:12:30]} 23. Nxe4 {[%clk 00:52:33]}
{[%emt 00:01:33]} dxe4 {[%clk 00:35:28]} {[%emt 00:00:40]} 24. Qb4 {[%clk
00:41:07]} {[%emt 00:11:55]} Qd6 {[%clk 00:35:29]} {[%emt 00:00:30]} 25. Qxd6
{[%clk 00:40:34]} {[%emt 00:01:02]} cxd6 {[%clk 00:35:57]} {[%emt 00:00:02]} 26.
Nc2 {[%clk 00:37:35]} {[%emt 00:03:29]} Be6 {[%clk 00:35:18]} {[%emt 00:01:09]}
27. Nb4 {[%clk 00:37:44]} {[%emt 00:00:20]} Kc7 {[%clk 00:31:32]} {[%emt
00:04:17]} 28. Ke1 {[%clk 00:36:14]} {[%emt 00:01:59]} Nf7 {[%clk 00:31:03]}
{[%emt 00:01:00]} 29. Kd2 {[%clk 00:35:13]} {[%emt 00:01:31]} f5 {[%clk
00:30:58]} {[%emt 00:00:36]} 30. c4 {[%clk 00:28:48]} {[%emt 00:06:54]} f4
{[%clk 00:30:07]} {[%emt 00:01:21]} 31. h3 {[%clk 00:23:14]} {[%emt 00:06:04]}
Nh6 {[%clk 00:28:56]} {[%emt 00:01:41]} 32. Kc3 {[%clk 00:22:24]} {[%emt
00:01:20]} d5 {[%clk 00:24:37]} {[%emt 00:04:50]} 33. c5 {[%clk 00:21:18]}
{[%emt 00:01:35]} Kd7 {[%clk 00:23:55]} {[%emt 00:01:11]} 34. a4 {[%clk
00:19:49]} {[%emt 00:02:00]} Ng8 {[%clk 00:24:06]} {[%emt 00:00:19]} 35. a5
{[%clk 00:19:01]} {[%emt 00:01:18]} Ne7 {[%clk 00:22:26]} {[%emt 00:02:10]} 36.
a6 {[%clk 00:15:16]} {[%emt 00:04:16]} bxa6 {[%clk 00:18:02]} {[%emt 00:04:53]}
37. Nxa6 {[%clk 00:14:17]} {[%emt 00:01:29]} f3 {[%clk 00:14:31]} {[%emt
00:04:02]} 38. Bf1 {[%clk 00:10:49]} {[%emt 00:03:57]} fxg2 {[%clk 00:14:13]}
{[%emt 00:00:48]} 39. Bxg2 {[%clk 00:11:11]} {[%emt 00:00:07]} h5 {[%clk
00:11:51]} {[%emt 00:02:53]} 40. Bf1 {[%clk 00:11:00]} {[%emt 00:00:41]} g4
{[%clk 00:09:02]} {[%emt 00:03:20]} 41. h4 {[%clk 00:09:18]} {[%emt 00:02:11]}
Bf7 {[%clk 00:06:39]} {[%emt 00:02:53]} 42. Kb4 {[%clk 00:06:04]} {[%emt
00:04:29]}  1/2-1/2